| 000 | 00399nam a22001577a 4500 | ||
|---|---|---|---|
| 003 | OSt | ||
| 005 | 20220629055533.0 | ||
| 008 | 170329b xxu||||| |||| 00| 0 eng d | ||
| 040 |
_aMMU _beng _cMMU _dMMU |
||
| 050 | _aBR115 .C8 2005 | ||
| 245 | _aChrist and culture/ | ||
| 260 |
_aCanada: _bCanadian conference of catholic bishop, |
||
| 300 | _a240 p,; | ||
| 650 | _aChrist | ||
| 942 |
_2lcc _cLOAN LOAN |
||
| 999 |
_c26481 _d26481 |
||